Técnicas actuales en cirugía ortopédica y traumatología / (Record no. 96163)

MARC details
000 -LEADER
campo de control de longitud fija 00734nam a2200181 i 4500
001 - NÚMERO DE CONTROL
campo de control 96163
003 - IDENTIFICADOR DE NÚMERO DE CONTROL
campo de control ES-MaACL
005 - FECHA Y HORA DE LA ÚLTIMA TRANSACCIÓN
campo de control 20230906181845.0
008 - DATOS DE LONGITUD FIJA--INFORMACIÓN GENERAL
campo de control de longitud fija 050613s1972 sp af |||| | spa d
245 00 - MENCIÓN DEL TÍTULO
Título Técnicas actuales en cirugía ortopédica y traumatología /
Mención de responsabilidad, etc. José Maestre Herrero y colaboradores.
260 ## - PUBLICACIÓN, DISTRIBUCIÓN, ETC.
Lugar de publicación, distribución, etc. Valencia :
Nombre del editor, distribuidor, etc. Centro de Rehabilitación de la Ciudad Sanitaria de la Seguridad Social "La Fe",
Fecha de publicación, distribución, etc. 1972.
300 ## - DESCRIPCIÓN FÍSICA
Extensión 280 p., 11 lám. :
Otras características físicas il. ;
Dimensiones 25 cm.
650 #4 - PUNTO DE ACCESO ADICIONAL DE MATERIA--TÉRMINO DE MATERIA
Término de materia o nombre geográfico como elemento de entrada Ortopedia.
9 (RLIN) 152852
650 #4 - PUNTO DE ACCESO ADICIONAL DE MATERIA--TÉRMINO DE MATERIA
Término de materia o nombre geográfico como elemento de entrada Traumatología.
9 (RLIN) 159553
700 1# - ENTRADA AGREGADA--NOMBRE PERSONAL
Nombre de persona Maestre Herrero, José.
9 (RLIN) 75397
710 2# - ENTRADA AGREGADA--NOMBRE DE ENTIDAD CORPORATIVA
Nombre de entidad corporativa o nombre de jurisdicción como elemento de entrada Centro de Rehabilitación de la Ciudad Sanitaria de la Seguridad Social "La Fe" (Valencia)
9 (RLIN) 2723
852 ## - LOCALIZACIÓN
Ubicación ES-MaACL
Número de control de estantería C-43064
Holdings
Estatus retirado Estado de pérdida Estado de daño No para préstamo Biblioteca de origen Biblioteca actual Ubicación en estantería Fecha de adquisición Fuente de adquisición Total de préstamos Signatura topográfica completa Código de barras Visto por última vez Precio de reemplazo Tipo de ítem Koha
        Biblioteca del Ateneo de Madrid Biblioteca del Ateneo de Madrid Depósito 2 17/01/2008     C-43064 1100401 23/02/2023 23/02/2023 Libro impreso